Six sigma business scorecard (Record no. 4036)

MARC details
000 -LEADER
fixed length control field 00571 a2200193 4500
010 ## - LCCN (DPL NO)
LC control number ENG-86046
020 ## - INTERNATIONAL STANDARD BOOK NUMBER
International Standard Book Number 0070658943
Terms of availability 450.00
035 ## - SYSTEM CONTROL NUMBER
System control number EN-69579
037 ## - SOURCE OF ACQUISITION
Source of stock number/acquisition D.B.Act / Pub
082 14 - DEWEY DECIMAL CLASSIFICATION NUMBER
Classification number 658.4013
100 1# - MAIN ENTRY--PERSONAL NAME
Personal name Gupta, Praveen
245 1# - TITLE STATEMENT
Title Six sigma business scorecard
Statement of responsibility, etc by Praveen Gupta
250 ## - EDITION STATEMENT
Edition statement 2nd ed.
260 ## - PUBLICATION, DISTRIBUTION, ETC. (IMPRINT)
Place of publication, distribution, etc New Delhi
Name of publisher, distributor, etc Tata Mc-Graw Hill Publishing
Date of publication, distribution, etc 2007
270 ## - ADDRESS
Address 7, West Patel Nagar
City New Delhi
Postal code 110 008
300 ## - PHYSICAL DESCRIPTION
Extent xviii, 310 p.
Dimensions 22 cm. (Hb.)
500 ## - GENERAL NOTE
General note Includes index
942 ## - ADDED ENTRY ELEMENTS (KOHA)
Institution code [OBSOLETE] dpl
Item type English Books
Source of classification or shelving scheme Dewey Decimal Classification
Classification part 658.4013
Call number suffix GUP
Holdings
Withdrawn status Lost status Not for loan Collection code Home library Current library Date acquired Source of acquisition Cost, normal purchase price Full call number Barcode Copy number Cost, replacement price Koha item type
    Not For Loan Non-fiction D.B.Act.Division D.B.Act.Division   DBAD/PUB 450.00 658.4013 GUP EN-69579 1 450.00 English Books

© Delhi Public Library
Hit Counter
free hit counter